[Event "SRB-chT 1st League CS"]
[Site "Banja Vrujci"]
[Date "2022.10.09"]
[Round "11.2"]
[White "Zivkovic, Sava"]
[Black "Radojicic, Aleksandar M"]
[Result "1/2-1/2"]
[WhiteElo "2225"]
[BlackElo "2192"]
[PlyCount "20"]
[EventDate "2022.10.01"]
[EventType "team-tourn"]
[EventRounds "11"]
[EventCountry "SRB"]
[SourceTitle "CBM 210 Extra"]
[Source "ChessBase"]
[SourceDate "2022.11.30"]
[SourceVersion "1"]
[SourceVersionDate "2022.11.30"]
[SourceQuality "1"]
[WhiteTeam "Krupanj"]
[BlackTeam "Paracin OSK"]
[WhiteTeamCountry "SRB"]
[BlackTeamCountry "SRB"]

1. e4 c5 2. Nf3 a6 3. g3 Nc6 4. Nc3 g6 5. d4 cxd4 6. Nxd4 Bg7 7. Nde2 d6 8. Bg2 Nf6 9. 0-0 0-0 10. a4 Rb8 1/2-1/2

[Event "SRB-chT 1st League CS"]
[Site "Banja Vrujci"]
[Date "2022.10.03"]
[Round "4.2"]
[White "Zivkovic, Sava"]
[Black "Pikula, Dejan"]
[Result "1/2-1/2"]
[WhiteElo "2225"]
[BlackElo "2289"]
[PlyCount "48"]
[EventDate "2022.10.01"]
[EventType "team-tourn"]
[EventRounds "11"]
[EventCountry "SRB"]
[SourceTitle "CBM 210 Extra"]
[Source "ChessBase"]
[SourceDate "2022.11.30"]
[SourceVersion "1"]
[SourceVersionDate "2022.11.30"]
[SourceQuality "1"]
[WhiteTeam "Krupanj"]
[BlackTeam "Arandjelovac"]
[WhiteTeamCountry "SRB"]
[BlackTeamCountry "SRB"]

1. e4 d6 2. d4 Nf6 3. Nc3 e5 4. Nf3 Nbd7 5. Bc4 Be7 6. a4 0-0 7. 0-0 c6 8. Re1 exd4 9. Nxd4 Ne5 10. Bb3 Re8 11. h3 Ng6 12. f4 Bf8 13. Qf3 Bd7 14. Qf2 c5 15. Nf3 Be6 16. Bxe6 fxe6 17. f5 Nh8 18. Ng5 exf5 19. exf5 Rxe1+ 20. Qxe1 Qd7 21. Ne6 Nf7 22. Bf4 d5 23. Rd1 d4 24. b3 Qc6 1/2-1/2

[Event "SRB-chT 1st League CS"]
[Site "Banja Vrujci"]
[Date "2022.10.01"]
[Round "1.6"]
[White "Novoselski, Zoran"]
[Black "Zivkovic, Sava"]
[Result "1/2-1/2"]
[WhiteElo "2283"]
[BlackElo "2225"]
[PlyCount "141"]
[EventDate "2022.10.01"]
[EventType "team-tourn"]
[EventRounds "11"]
[EventCountry "SRB"]
[SourceTitle "CBM 210 Extra"]
[Source "ChessBase"]
[SourceDate "2022.11.30"]
[SourceVersion "1"]
[SourceVersionDate "2022.11.30"]
[SourceQuality "1"]
[WhiteTeam "Valjevo Krusik"]
[BlackTeam "Krupanj"]
[WhiteTeamCountry "SRB"]
[BlackTeamCountry "SRB"]

1. d4 Nf6 2. Nf3 g6 3. g3 d5 4. Bg2 Bg7 5. 0-0 0-0 6. c4 c6 7. cxd5 cxd5 8. Nc3 e6 9. Bf4 Nc6 10. Ne5 Nd7 11. Nxc6 bxc6 12. Na4 Ba6 13. Rc1 Rc8 14. Bd6 Re8 15. Re1 e5 16. Nc5 Nxc5 17. Bxc5 Qa5 18. e3 exd4 19. Bxd4 Bxd4 20. Qxd4 Qxa2 21. Ra1 Qc4 22. Qf6 Qb4 23. Red1 Be2 24. Rxa7 Rf8 25. Rda1 Rb8 26. Qxc6 Bc4 27. Bxd5 Bxd5 28. Qxd5 Qxb2 29. Qf3 Rb6 30. R7a2 Qc3 31. Rd1 Rf6 32. Qe4 Rb8 33. Rc2 Qb4 34. Rc8+ Kg7 35. Rc4 Qb2 36. Rc2 Qb7 37. Qe5 Qb5 38. Qd4 Qb4 39. Qa1 Rb5 40. Rc6 Qb2 41. Rxf6 Kxf6 42. Rd6+ Ke5 43. Qxb2+ Rxb2 44. Ra6 h5 45. h3 Rc2 46. Kg2 Rb2 47. g4 h4 48. g5 Kf5 49. Ra5+ Ke6 50. Ra4 Rb5 51. Rg4 Re5 52. Kf3 Ra5 53. Rg1 Ra2 54. Rb1 Ra4 55. Rb6+ Kf5 56. Rb5+ Ke6 57. e4 Ra2 58. Rb3 Rc2 59. Ke3 Rc1 60. Rb6+ Ke7 61. Kf4 Rg1 62. Rb5 Ke6 63. Re5+ Kd6 64. Re8 Rg2 65. Kf3 Rxg5 66. Rh8 Ra5 67. Kg4 g5 68. Rh5 f6 69. f4 Ra4 70. fxg5 fxg5 71. Kf5 1/2-1/2

[Event "SRB-chT 1st League"]
[Site "Bajina Basta"]
[Date "2020.10.12"]
[Round "3.2"]
[White "Zivkovic, Sava"]
[Black "Savic, Miodrag R"]
[Result "1/2-1/2"]
[WhiteElo "2297"]
[BlackElo "2433"]
[PlyCount "29"]
[EventDate "2020.10.10"]
[EventType "team-tourn"]
[EventRounds "11"]
[EventCountry "SRB"]
[SourceTitle "CBM 198 Extra"]
[Source "ChessBase"]
[SourceDate "2020.11.30"]
[SourceVersion "1"]
[SourceVersionDate "2020.11.30"]
[SourceQuality "1"]
[WhiteTeam "Valjevo Krusik"]
[BlackTeam "Valjevo 2005"]
[WhiteTeamCountry "SRB"]
[BlackTeamCountry "SRB"]

1. e4 d5 2. exd5 Qxd5 3. Nc3 Qa5 4. d4 c6 5. Bc4 Bf5 6. Nf3 e6 7. Ne5 Bd6 8. Qe2 Bxe5 9. dxe5 Nd7 10. g4 Bg6 11. f4 b5 12. Bb3 Nc5 13. 0-0 Nxb3 14. cxb3 Ne7 15. Be3 1/2-1/2

[Event "Belgrade Trophy 33rd"]
[Site "Belgrade"]
[Date "2019.12.02"]
[Round "9"]
[White "Zivkovic, Sava"]
[Black "Maksimovic, Bojan"]
[Result "0-1"]
[WhiteElo "2296"]
[BlackElo "2378"]
[PlyCount "102"]
[EventDate "2019.11.24"]
[EventType "swiss"]
[EventRounds "9"]
[EventCountry "SRB"]
[SourceTitle "CBM 193 Extra"]
[Source "ChessBase"]
[SourceDate "2020.01.31"]
[SourceVersion "1"]
[SourceVersionDate "2020.01.31"]
[SourceQuality "1"]

1. e4 g6 2. d4 Bg7 3. Nc3 d6 4. f4 a6 5. Nf3 b5 6. Bd3 Nd7 7. e5 c5 8. Be4 Rb8 9. Be3 b4 10. Ne2 Qc7 11. c3 Nh6 12. h3 Bb7 13. Ng3 bxc3 14. bxc3 0-0 15. 0-0 Nb6 16. dxc5 Nc4 17. exd6 exd6 18. Bd4 dxc5 19. Bxg7 Kxg7 20. Qe2 Qxf4 21. Qxc4 Qxg3 22. Bxb7 Rxb7 23. Qxc5 Nf5 24. Nd4 Qe3+ 25. Kh2 Nxd4 26. cxd4 Rd7 27. Rad1 Rfd8 28. Qc4 Qa3 29. Rf3 Qd6+ 30. Kh1 Rc7 31. Qb3 Qd5 32. Qa3 Rd6 33. Rc3 Rxc3 34. Qxc3 Rc6 35. Qd3 h5 36. a3 Rb6 37. Kh2 a5 38. Qc3 Rc6 39. Qe3 Rc2 40. Rd2 Qd6+ 41. Kg1 Rc1+ 42. Kf2 Qf6+ 43. Kg3 h4+ 44. Kg4 Rc3 45. Qxc3 Qf5+ 46. Kxh4 g5+ 47. Kh5 Qg6+ 48. Kg4 Qe4+ 49. Kxg5 f6+ 50. Kh5 Qg6+ 51. Kh4 Qg5# 0-1

[Event "Belgrade Trophy 33rd"]
[Site "Belgrade"]
[Date "2019.12.01"]
[Round "8"]
[White "Milutinovic, Dejan D"]
[Black "Zivkovic, Sava"]
[Result "1/2-1/2"]
[WhiteElo "1933"]
[BlackElo "2296"]
[PlyCount "125"]
[EventDate "2019.11.24"]
[EventType "swiss"]
[EventRounds "9"]
[EventCountry "SRB"]
[SourceTitle "CBM 193 Extra"]
[Source "ChessBase"]
[SourceDate "2020.01.31"]
[SourceVersion "1"]
[SourceVersionDate "2020.01.31"]
[SourceQuality "1"]

1. b3 d5 2. Bb2 Bf5 3. Nf3 e6 4. d3 Nf6 5. e3 Nbd7 6. Nh4 Bg4 7. Be2 Bxe2 8. Qxe2 a5 9. a3 a4 10. Nd2 axb3 11. cxb3 Bd6 12. e4 dxe4 13. dxe4 Be5 14. Bxe5 Nxe5 15. Qb5+ Nfd7 16. Nhf3 c6 17. Qe2 Nxf3+ 18. Nxf3 Nc5 19. Rd1 Qe7 20. b4 Na4 21. Qd2 0-0 22. 0-0 c5 23. bxc5 Qxc5 24. Qb4 Qxb4 25. axb4 Nc3 26. Rd7 b5 27. Re1 Rfc8 28. g3 Rc4 29. Ne5 Rxb4 30. Rxf7 Rxe4 31. Rxe4 Nxe4 32. Rb7 Nc3 33. Re7 b4 34. Rxe6 Rb8 35. Nc6 Rb5 36. Ne5 Kf8 37. Nd3 b3 38. Nb2 Kf7 39. Re3 Nd5 40. Rd3 Ke6 41. Kf1 Kd6 42. Ke1 Kc5 43. Kd2 Kb4 44. Rd4+ Ka3 45. Kc1 Nc3 46. Rc4 Na2+ 47. Kb1 Nb4 48. Rc7 Nd5 49. Rc4 Rb4 50. Rc8 Rb5 51. Ra8+ Kb4 52. Ra4+ Kc3 53. Nd1+ Kd3 54. Kb2 Nb6 55. Ra7 Nc4+ 56. Kb1 Re5 57. Nb2+ Kc3 58. Nd1+ Kd2 59. Rd7+ Ke2 60. Ne3 Nxe3 61. fxe3 Kxe3 62. Rxg7 h5 63. Kb2 1/2-1/2

[Event "SRB-chT 1st League"]
[Site "Bajina Basta"]
[Date "2019.09.17"]
[Round "6.2"]
[White "Zivkovic, Sava"]
[Black "Paunovic, Tomislav"]
[Result "0-1"]
[WhiteElo "2334"]
[BlackElo "2335"]
[PlyCount "184"]
[EventDate "2019.09.13"]
[EventType "team-tourn"]
[EventRounds "11"]
[EventCountry "SRB"]
[SourceTitle "CBM 195 Extra"]
[Source "ChessBase"]
[SourceDate "2020.05.31"]
[SourceVersion "1"]
[SourceVersionDate "2020.05.31"]
[SourceQuality "1"]
[WhiteTeam "Sabac"]
[BlackTeam "Pirot Progres"]
[WhiteTeamCountry "SRB"]
[BlackTeamCountry "SRB"]

1. e4 c5 2. Nf3 d6 3. d4 cxd4 4. Nxd4 Nf6 5. Nc3 a6 6. g3 e5 7. Nde2 Be7 8. a4 0-0 9. Bg2 b6 10. h3 Bb7 11. 0-0 Nbd7 12. g4 Nc5 13. Ng3 b5 14. g5 Ne8 15. Qg4 Nc7 16. Nf5 g6 17. f4 exf4 18. Nxe7+ Qxe7 19. Rxf4 Nd7 20. Rf2 Ne5 21. Qg3 Rfe8 22. Be3 b4 23. Ne2 Ne6 24. b3 Rac8 25. Rc1 a5 26. Qh4 Ba6 27. Nf4 Nxf4 28. Qxf4 Rc6 29. Rd1 Rec8 30. Rdd2 R8c7 31. Bd4 Qe6 32. Qe3 Qe7 33. Bb6 Rb7 34. Bxa5 Rc3 35. Qf4 h6 36. Bd8 hxg5 37. Qxg5 Qxg5 38. Bxg5 Rc6 39. Bf6 Rbc7 40. Rd4 Nd7 41. Be7 Rxc2 42. Rxc2 Rxc2 43. Rxd6 Nc5 44. Bf6 g5 45. e5 Rc1+ 46. Kh2 Rc2 47. Kg3 Rc3+ 48. Kg4 Be2+ 49. Kxg5 Rg3+ 50. Kf4 Rxb3 51. Bd5 Ra3 52. Rc6 Ne6+ 53. Bxe6 fxe6 54. Rxe6 b3 55. Re7 Rxa4+ 56. Kg5 Bc4 57. e6 Kf8 58. Rf7+ Kg8 59. Rg7+ Kf8 60. e7+ Ke8 61. Rh7 Ra5+ 62. Kf4 Kd7 63. Rh8 Bf7 64. Rb8 Ke6 65. Bg5 Ra4+ 66. Kg3 Kf5 67. Bc1 Re4 68. Ba3 Re3+ 69. Kg2 Re2+ 70. Kf3 Bh5+ 71. Kg3 Re3+ 72. Kh4 Bf7 73. Rb5+ Kf6 74. Kg4 Be8 75. Rb6+ Kf7 76. h4 b2 77. Bc5 Rc3 78. Bd6 Rc6 79. Rxb2 Rxd6 80. Re2 Kf6 81. Re4 Rd5 82. Kf4 Kf7 83. Kg4 Rd1 84. Kg5 Rd5+ 85. Kg4 Bd7+ 86. Kf4 Rd6 87. h5 Rd5 88. Re5 Rd4+ 89. Kg5 Rg4+ 90. Kh6 Rg8 91. Kh7 Re8 92. Kh6 Kf6 0-1

[Event "SRB-chT 1st League"]
[Site "Bajina Basta"]
[Date "2019.09.15"]
[Round "4.2"]
[White "Draskovic, Luka"]
[Black "Zivkovic, Sava"]
[Result "1-0"]
[WhiteElo "2445"]
[BlackElo "2334"]
[PlyCount "50"]
[EventDate "2019.09.13"]
[EventType "team-tourn"]
[EventRounds "11"]
[EventCountry "SRB"]
[SourceTitle "CBM 195 Extra"]
[Source "ChessBase"]
[SourceDate "2020.05.31"]
[SourceVersion "1"]
[SourceVersionDate "2020.05.31"]
[SourceQuality "1"]
[WhiteTeam "Lucani Mladost"]
[BlackTeam "Sabac"]
[WhiteTeamCountry "SRB"]
[BlackTeamCountry "SRB"]

1. c4 Nf6 2. Nc3 g6 3. g3 Bg7 4. Bg2 d6 5. Nf3 0-0 6. d4 Nc6 7. 0-0 e5 8. dxe5 dxe5 9. Bg5 Be6 10. Qc1 Qc8 11. Rd1 Nd7 12. b3 Nd4 13. Nxd4 exd4 14. Nb5 d3 15. Rxd3 Bxa1 16. Qxa1 f6 17. Bf4 Nc5 18. Rd1 g5 19. Be3 Na6 20. Bd4 Kg7 21. Qc1 h6 22. Qe3 Bh3 23. Bd5 Nb4 24. Qe7+ Kg6 25. Qxb4 Kg7 1-0

[Event "Belgrade Summer IM-B 2nd"]
[Site "Belgrade"]
[Date "2019.06.29"]
[Round "7"]
[White "Zivkovic, Sava"]
[Black "Lundin, Jan"]
[Result "1-0"]
[WhiteElo "2323"]
[BlackElo "2335"]
[PlyCount "57"]
[EventDate "2019.06.24"]
[EventType "tourn"]
[EventRounds "9"]
[EventCountry "SRB"]
[EventCategory "2"]
[SourceTitle "EXT 2020"]
[Source "ChessBase"]
[SourceDate "2019.10.17"]
[SourceVersion "1"]
[SourceVersionDate "2019.10.17"]
[SourceQuality "1"]

1. e4 e6 2. d4 d5 3. Nd2 Nc6 4. Ngf3 Nf6 5. e5 Nd7 6. Nb3 a5 7. a4 Be7 8. h4 h6 9. h5 b6 10. Rh3 Bf8 11. Nh4 Ne7 12. f4 c5 13. Bb5 Qc7 14. f5 Nxf5 15. Nxf5 exf5 16. Bf4 c4 17. Nd2 Bb7 18. Qf3 Qc8 19. Bh2 Bc6 20. Qxf5 Be7 21. e6 Nf6 22. exf7+ Kxf7 23. Qg6+ Kf8 24. Nf3 Be8 25. Bxe8 Qxe8 26. Ne5 Rg8 27. Re3 Nxh5 28. Qf5+ Nf6 29. Ng6+ 1-0

[Event "Belgrade Summer IM-B 2nd"]
[Site "Belgrade"]
[Date "2019.06.25"]
[Round "2"]
[White "Zivkovic, Sava"]
[Black "Milosevic, Milos"]
[Result "1/2-1/2"]
[WhiteElo "2323"]
[BlackElo "2312"]
[PlyCount "93"]
[EventDate "2019.06.24"]
[EventType "tourn"]
[EventRounds "9"]
[EventCountry "SRB"]
[EventCategory "2"]
[SourceTitle "EXT 2020"]
[Source "ChessBase"]
[SourceDate "2019.10.17"]
[SourceVersion "1"]
[SourceVersionDate "2019.10.17"]
[SourceQuality "1"]

1. e4 c5 2. Nf3 d6 3. d4 cxd4 4. Nxd4 Nf6 5. Nc3 a6 6. g3 e5 7. Nde2 Nbd7 8. Bg2 b5 9. h3 Bb7 10. g4 b4 11. Nd5 Nxd5 12. exd5 Be7 13. Ng3 0-0 14. 0-0 Bg5 15. Bxg5 Qxg5 16. Nf5 Qf6 17. Qd2 a5 18. a3 bxa3 19. Rxa3 a4 20. Rfa1 Nc5 21. R1a2 Bc8 22. Ng3 Qg6 23. b4 axb3 24. cxb3 Rb8 25. Rb2 f5 26. b4 Ne4 27. Nxe4 fxe4 28. Qc2 h5 29. gxh5 Qxh5 30. Rg3 Bf5 31. Bxe4 Rbc8 32. Qe2 Rc1+ 33. Kg2 Qxe2 34. Rxe2 Bxe4+ 35. Rxe4 Rd1 36. Rc4 Rxd5 37. Rc7 Rf7 38. Rc8+ Kh7 39. Rc4 Rd2 40. Rh4+ Kg8 41. Rf3 Rxf3 42. Kxf3 Kf7 43. Rc4 Rd3+ 44. Kg4 Ke6 45. Rc7 Kf6 46. b5 Rd4+ 47. Kf3 1/2-1/2

[Event "Belgrade Trophy 31st"]
[Site "Belgrade"]
[Date "2017.12.02"]
[Round "9"]
[White "Zivkovic, Sava"]
[Black "Zegarac, Vuk"]
[Result "1/2-1/2"]
[WhiteElo "2290"]
[BlackElo "2235"]
[PlyCount "46"]
[EventDate "2017.11.24"]
[EventType "swiss"]
[EventRounds "9"]
[EventCountry "SRB"]
[SourceTitle "CBM 181 Extra"]
[Source "ChessBase"]
[SourceDate "2017.12.12"]
[SourceVersion "1"]
[SourceVersionDate "2017.12.12"]
[SourceQuality "1"]

1. e4 c6 2. d4 d5 3. Nc3 dxe4 4. Nxe4 Bf5 5. Ng3 Bg6 6. Nf3 Nd7 7. h4 h6 8. h5 Bh7 9. Bd3 Bxd3 10. Qxd3 e6 11. Bd2 Ngf6 12. 0-0-0 Bd6 13. Ne4 Nxe4 14. Qxe4 Nf6 15. Qe2 Qc7 16. g3 0-0-0 17. c4 Qe7 18. Ne5 Nd7 19. f4 Nxe5 20. dxe5 Bb4 21. Be3 Bc5 22. Qf2 Bxe3+ 23. Qxe3 Qb4 1/2-1/2

[Event "Belgrade Trophy 31st"]
[Site "Belgrade"]
[Date "2017.11.27"]
[Round "4"]
[White "Zivkovic, Sava"]
[Black "Tosic, Miroslav"]
[Result "1-0"]
[WhiteElo "2290"]
[BlackElo "2433"]
[PlyCount "157"]
[EventDate "2017.11.24"]
[EventType "swiss"]
[EventRounds "9"]
[EventCountry "SRB"]
[SourceTitle "CBM 181 Extra"]
[Source "ChessBase"]
[SourceDate "2017.12.12"]
[SourceVersion "1"]
[SourceVersionDate "2017.12.12"]
[SourceQuality "1"]

1. e4 c5 2. Nf3 e6 3. d4 cxd4 4. Nxd4 Nf6 5. Nc3 d6 6. g3 a6 7. Bg2 Bd7 8. 0-0 Nc6 9. a4 Be7 10. Nb3 b6 11. f4 0-0 12. g4 Ne8 13. Be3 Nb4 14. g5 e5 15. Qd2 exf4 16. Bxf4 Rc8 17. Nd4 g6 18. Nd5 Nxd5 19. exd5 Ng7 20. a5 bxa5 21. Qxa5 Bxg5 22. Qxd8 Bxd8 23. Rxa6 Bf6 24. Nc6 Nf5 25. b4 Rfe8 26. b5 Re2 27. b6 Rxc6 28. dxc6 Rxg2+ 29. Kxg2 Bxc6+ 30. Kf2 Bd4+ 31. Ke1 Bb7 32. Ra7 Bg2 33. Ra6 Bb7 34. Ra3 Bxb6 35. Rb3 Ba5+ 36. Bd2 Bxd2+ 37. Kxd2 Be4 38. Rf4 d5 39. c4 Kf8 40. Rb5 Nd6 41. Rb8+ Ke7 42. c5 Nf5 43. Rb7+ Ke6 44. Rf1 d4 45. Rb6+ Kd5 46. Rc1 Ne7 47. c6 Bf5 48. Rb5+ Kd6 49. Rxf5 gxf5 50. c7 Kd7 51. Kd3 Nc8 52. Kxd4 f6 53. Rc5 Ne7 54. Kc4 Kc8 55. Kb5 Kb7 56. Kc4 Kc8 57. Kd4 Kd7 58. Ke3 Kc8 59. Kf4 Kd7 60. Rc1 Kc8 61. Rc5 Kd7 62. Kg3 Kc8 63. Kh4 Ng6+ 64. Kh5 Ne5 65. h3 f4 66. Kh4 Nf3+ 67. Kg4 Ne5+ 68. Kf5 f3 69. Rc1 Nd3 70. Rf1 f2 71. Ke4 Nc5+ 72. Kd5 Nd3 73. Kd6 Ne5 74. Rxf2 Nf7+ 75. Ke7 Ng5 76. h4 Ne4 77. Rf4 Ng3 78. Kd6 f5 79. Rb4 1-0

[Event "SRB-chT 1st League"]
[Site "Banja Vrujci"]
[Date "2017.09.24"]
[Round "11.4"]
[White "Zivkovic, Sava"]
[Black "Solomunovic, Igor"]
[Result "1/2-1/2"]
[WhiteElo "2283"]
[BlackElo "2400"]
[PlyCount "137"]
[EventDate "2017.09.16"]
[EventType "team"]
[EventRounds "11"]
[EventCountry "SRB"]
[SourceTitle "EXT 2018"]
[Source "ChessBase"]
[SourceDate "2017.10.13"]
[SourceVersion "1"]
[SourceVersionDate "2017.10.13"]
[SourceQuality "1"]
[WhiteTeam "Vladimirci"]
[BlackTeam "Gornji Milanovac Metalac"]
[WhiteTeamCountry "SRB"]
[BlackTeamCountry "SRB"]

1. e4 c5 2. Nf3 d6 3. d4 cxd4 4. Nxd4 Nf6 5. Nc3 Nc6 6. g3 g6 7. Nde2 Bg7 8. Bg2 0-0 9. 0-0 Rb8 10. a4 a6 11. h3 b5 12. axb5 axb5 13. Nd5 Nd7 14. c3 e6 15. Nb4 Nxb4 16. cxb4 Ne5 17. Ra2 Bb7 18. b3 Nc6 19. Rd2 Qe7 20. Rxd6 Rfd8 21. Rxd8+ Rxd8 22. Qc2 Qxb4 23. Bg5 Rc8 24. Bd2 Qd6 25. Bf4 Ne5 26. Rd1 Qb6 27. Qd2 b4 28. Qd6 Qb5 29. Nd4 Qc5 30. Qxc5 Rxc5 31. Nf3 Nxf3+ 32. Bxf3 Rc8 33. Bd6 Bc3 34. Be7 Kg7 35. Kg2 e5 36. Rd7 Bc6 37. Ra7 Ra8 38. Rxa8 Bxa8 39. g4 f6 40. Kg3 Bd2 41. h4 Kf7 42. Bc5 Bc6 43. Bd6 Bb5 44. Bd1 Bd3 45. f3 Be1+ 46. Kg2 h5 47. gxh5 gxh5 48. Bc5 Ke6 49. Bf2 Bc3 50. Bc5 f5 51. exf5+ Kxf5 52. Be7 Be1 53. Bg5 Ke6 54. f4 e4 55. Bxh5 e3 56. f5+ Bxf5 57. Bxe3 Bc2 58. Bg4+ Kf7 59. h5 Bxb3 60. Bf5 Bc3 61. Bb1 Bd1 62. h6 b3 63. Bc5 Kg8 64. Kf2 Bc2 65. Bxc2 bxc2 66. Ba3 Kh7 67. Ke2 Kxh6 68. Kd3 Bf6 69. Kxc2 1/2-1/2

[Event "SRB-chT 1st League"]
[Site "Banja Vrujci"]
[Date "2017.09.21"]
[Round "8.2"]
[White "Zivkovic, Sava"]
[Black "Dudukovic, Nikola"]
[Result "1/2-1/2"]
[WhiteElo "2283"]
[BlackElo "2349"]
[PlyCount "32"]
[EventDate "2017.09.16"]
[EventType "team"]
[EventRounds "11"]
[EventCountry "SRB"]
[SourceTitle "CBM 180 Extra"]
[Source "ChessBase"]
[SourceDate "2017.10.06"]
[SourceVersion "1"]
[SourceVersionDate "2017.10.06"]
[SourceQuality "1"]
[WhiteTeam "Vladimirci"]
[BlackTeam "Petrovac Sloga"]
[WhiteTeamCountry "SRB"]
[BlackTeamCountry "SRB"]

1. e4 e5 2. Nf3 Nc6 3. d4 exd4 4. Bc4 Nf6 5. e5 d5 6. Bb5 Ne4 7. Nxd4 Bd7 8. Bxc6 bxc6 9. 0-0 Bc5 10. f3 Ng5 11. f4 Ne4 12. Be3 0-0 13. Nd2 f5 14. c4 Qe7 15. N2b3 Bb6 16. Kh1 Rad8 1/2-1/2

[Event "SRB-chT 1st League"]
[Site "Banja Vrujci"]
[Date "2017.09.17"]
[Round "2.3"]
[White "Novoselski, Zoran"]
[Black "Zivkovic, Sava"]
[Result "1-0"]
[WhiteElo "2337"]
[BlackElo "2283"]
[PlyCount "77"]
[EventDate "2017.09.16"]
[EventType "team"]
[EventRounds "11"]
[EventCountry "SRB"]
[SourceTitle "CBM 180 Extra"]
[Source "ChessBase"]
[SourceDate "2017.10.06"]
[SourceVersion "1"]
[SourceVersionDate "2017.10.06"]
[SourceQuality "1"]
[WhiteTeam "Kragujevac Radnicki"]
[BlackTeam "Vladimirci"]
[WhiteTeamCountry "SRB"]
[BlackTeamCountry "SRB"]

1. e4 c5 2. Nf3 d6 3. d4 cxd4 4. Nxd4 Nf6 5. Nc3 g6 6. g3 h5 7. h3 Bd7 8. Bg2 Qc8 9. Nd5 Bg7 10. Be3 Nxd5 11. exd5 Qc4 12. Qd2 0-0 13. b3 Qc8 14. c4 a5 15. Rc1 Qd8 16. g4 h4 17. Bh6 Qb6 18. Bxg7 Kxg7 19. 0-0 Na6 20. Rfe1 Rae8 21. Qb2 f6 22. Re3 a4 23. Rce1 a3 24. Qc3 Nb4 25. Rxe7+ Rxe7 26. Rxe7+ Rf7 27. Re2 g5 28. Nb5 Qc5 29. Nxa3 b5 30. Nb1 bxc4 31. bxc4 Bc8 32. a3 Na6 33. Nd2 Qb6 34. Ne4 Kg6 35. Nxg5 Kxg5 36. Re8 Qc7 37. Be4 Kh6 38. Rg8 Qe7 39. Qe3# 1-0

[Event "SRB-chT 1st League"]
[Site "Banja Vrujci"]
[Date "2017.09.16"]
[Round "1.4"]
[White "Zivkovic, Sava"]
[Black "Djordjevic, Vuk D"]
[Result "1/2-1/2"]
[WhiteElo "2283"]
[BlackElo "2346"]
[PlyCount "84"]
[EventDate "2017.09.16"]
[EventType "team"]
[EventRounds "11"]
[EventCountry "SRB"]
[SourceTitle "CBM 180 Extra"]
[Source "ChessBase"]
[SourceDate "2017.10.06"]
[SourceVersion "1"]
[SourceVersionDate "2017.10.06"]
[SourceQuality "1"]
[WhiteTeam "Vladimirci"]
[BlackTeam "Despotovac Sloga"]
[WhiteTeamCountry "SRB"]
[BlackTeamCountry "SRB"]

1. e4 e6 2. d4 d5 3. Nd2 Be7 4. Bd3 c5 5. dxc5 Nf6 6. Qe2 0-0 7. Ngf3 a5 8. 0-0 Na6 9. e5 Nd7 10. Nd4 Ndxc5 11. N2f3 Nxd3 12. cxd3 Nc5 13. Be3 Qd7 14. h4 f5 15. Bg5 b6 16. Qe3 Ba6 17. Rfd1 Rac8 18. g3 h6 19. Bxe7 Qxe7 20. Ne2 d4 21. Nfxd4 Qd7 22. Nf4 Bb7 23. f3 Rf7 24. h5 Rd8 25. Nde2 Qe8 26. d4 Rfd7 27. Nc3 Na6 28. Nb5 Nb4 29. Nd6 Nc2 30. Qb3 Nxa1 31. Rxa1 Rxd6 32. exd6 Rxd6 33. Re1 Kh7 34. Qe3 Qf7 35. Qe5 Rd7 36. Kf2 Bd5 37. b3 Rc7 38. Re2 Rc3 39. Re3 Rc2+ 40. Re2 Rc3 41. Re3 Rc2+ 42. Re2 Rc3 1/2-1/2

[Event "Belgrade-ch sf"]
[Site "Belgrade"]
[Date "2017.01.28"]
[Round "6"]
[White "Zivkovic, Sava"]
[Black "Antic, Dejan"]
[Result "1/2-1/2"]
[WhiteElo "2245"]
[BlackElo "2459"]
[PlyCount "57"]
[EventDate "2017.01.23"]
[EventType "swiss"]
[EventRounds "7"]
[EventCountry "SRB"]
[SourceTitle "CBM 176 Extra"]
[Source "ChessBase"]
[SourceDate "2017.03.02"]
[SourceVersion "1"]
[SourceVersionDate "2017.03.02"]
[SourceQuality "1"]

1. e4 e6 2. d4 d5 3. Nd2 Be7 4. Bd3 c5 5. dxc5 Nf6 6. Qe2 0-0 7. Ngf3 a5 8. 0-0 Na6 9. e5 Nd7 10. Nd4 Ndxc5 11. Bb5 Nc7 12. a4 Nxb5 13. Nxb5 d4 14. Nc4 Bd7 15. Rd1 d3 16. cxd3 Nxa4 17. Rxa4 Bxb5 18. Ra1 Bc6 19. Qg4 Kh8 20. Bd2 b6 21. Bc3 Bd5 22. Bd4 Rb8 23. Qf4 Rb7 24. Qe3 Bxc4 25. dxc4 Rd7 26. Rd3 Qb8 27. Qe4 Rfd8 28. Rad1 g6 29. Be3 1/2-1/2

[Event "Belgrade Trophy 30th"]
[Site "Belgrade"]
[Date "2016.11.25"]
[Round "2"]
[White "Zivkovic, Sava"]
[Black "Ugrcic, Zoran"]
[Result "1-0"]
[WhiteElo "2271"]
[BlackElo "2044"]
[PlyCount "51"]
[EventDate "2016.11.24"]
[EventType "swiss"]
[EventRounds "9"]
[EventCountry "SRB"]
[SourceTitle "CBM 175 Extra"]
[Source "ChessBase"]
[SourceDate "2016.12.12"]
[SourceVersion "1"]
[SourceVersionDate "2016.12.12"]
[SourceQuality "1"]

1. e4 c5 2. Nf3 Nc6 3. Nc3 e5 4. Bc4 Be7 5. d3 Nf6 6. Nd2 0-0 7. Nf1 d6 8. Ne3 a6 9. a3 b5 10. Ba2 b4 11. Ncd5 Nxd5 12. Bxd5 Bd7 13. 0-0 Bg5 14. c3 bxc3 15. bxc3 Qc7 16. Qh5 Bxe3 17. Bxe3 Be6 18. f4 Bxd5 19. exd5 exf4 20. Rxf4 Ne5 21. Rh4 h6 22. Bxh6 Ng6 23. Bxg7 Kxg7 24. Qh7+ Kf6 25. Re4 Qe7 26. Rf1+ 1-0

[Event "SRB-chT2 West CS"]
[Site "Serbia"]
[Date "2016.10.06"]
[Round "6.2"]
[White "Zivkovic, Sava"]
[Black "Kolarevic, Darko"]
[Result "0-1"]
[WhiteElo "2247"]
[BlackElo "2169"]
[PlyCount "76"]
[EventDate "2016.09.04"]
[EventType "team-tourn"]
[EventRounds "11"]
[EventCountry "SRB"]
[SourceTitle "EXT 2018"]
[Source "ChessBase"]
[SourceDate "2017.10.13"]
[SourceVersion "1"]
[SourceVersionDate "2017.10.13"]
[SourceQuality "1"]

1. e4 c6 2. d4 d5 3. e5 Bf5 4. Nc3 Qb6 5. Nf3 e6 6. Be2 Nd7 7. 0-0 Ne7 8. b3 Bg4 9. Na4 Qc7 10. c4 Nf5 11. Bf4 Be7 12. Rc1 Qd8 13. Qd3 0-0 14. h3 Bxf3 15. Bxf3 dxc4 16. bxc4 Bg5 17. Bxg5 Qxg5 18. Bg4 Nh6 19. f4 Qe7 20. Bf3 f6 21. Be4 f5 22. Bf3 g5 23. c5 gxf4 24. Nb2 Kh8 25. Nc4 Rg8 26. Qd2 Qh4 27. Rb1 Rg3 28. Rf2 Rag8 29. Rxb7 Rxh3 30. Kf1 Rh1+ 31. Ke2 Ng4 32. Rxd7 Qxf2+ 33. Kd3 Qf1+ 34. Kc3 Ne3 35. Nd6 Rb8 36. Rb7 Rxb7 37. Nxb7 Qc4+ 38. Kb2 Qb5+ 0-1